[Event "Baltic Zonal 2017"]
[Site "Liepaja"]
[Date "2017.06.16"]
[Round "1"]
[White "Kulaots, Kaido"]
[Black "Krivonosov, Oleg"]
[Result "1-0"]
[WhiteElo "2597"]
[BlackElo "2426"]
[Annotator "TA"]
[PlyCount "111"]
[EventDate "2017.??.??"]
[EventType "swiss"]
[EventCountry "LAT"]
[SourceTitle "playchess.com"]
[Source "ChessBase"]
[SourceQuality "1"]

{[%evp 11,111,13,15,23,18,16,10,0,0,0,0,10,24,14,32,14,23,10,17,0,35,45,52,52,52,48,62,47,66,65,66,43,54,66,75,79,134,129,115,127,130,114,116,114,158,130,130,129,179,183,171,171,174,175,193,169,196,175,189,196,175,175,172,172,199,193,196,199,260,169,169,125,125,131,156,156,156,143,192,192,266,258,285,285,381,369,368,382,487,468,450,432,675,639,597,584,760,712,726,718,685,674]} 1. e4 e5 2. Nf3 Nc6 3. d4 exd4 4. Nxd4 Bc5 5. Nxc6 Qf6 6. Qf3 dxc6 {LiveBook: 159 Games} 7. Nc3 {C45: Scotch Game} Be6 8. Be3 Bb4 9. Bd2 {The position is equal.} O-O-O 10. O-O-O (10. a3 {feels hotter.} Qxf3 11. gxf3 Be7 12. Be3 Kb8 13. Bd3) 10... Qxf3 (10... Qg6 11. Qg3 f5 12. Bd3 Nf6 13. f3 Qxg3 14. hxg3 fxe4 15. Nxe4 Nxe4 16. Bxe4 Bxd2+ 17. Rxd2 {0-1 (73) Yu,Y (2738)-Nakamura,H (2785) Caleta 2017}) 11. gxf3 Ne7 12. Bd3 Rhe8 $146 ({Predecessor:} 12... c5 13. a3 Ba5 14. Rhg1 c4 {0-1 (43) Narva,M (2238)-Pham,L (2338) Baku 2016}) 13. Rhg1 (13. a3 $5 {[%cal Ra3b4]} Bd6 14. Be3 $11) 13... g6 14. Be3 Kb8 15. a3 Bd6 (15... Bxc3 $5 16. bxc3 f6 $11) 16. f4 {Black must now prevent e5.} f6 17. h4 Bf7 18. h5 Nc8 19. Rh1 Bf8 20. hxg6 hxg6 21. Rh7 Bg8 22. Rh8 Ne7 23. Rg1 Bg7 (23... Bf7 $142) 24. Rh3 f5 25. e5 b6 26. Nb1 {[%cal Bc3b1,Bb1d2,Bd2f3,Bf3g5][%mdl 32]} Bd5 27. Rh7 Rg8 28. Nd2 c5 29. Bc4 c6 30. Be2 Bf8 31. c4 Be6 32. Nf3 Rg7 33. Rh8 Rg8 34. Rhh1 Rg7 35. Kc2 Bg8 36. Ng5 Nc8 37. Rh6 Be7 38. Nf3 Bf7 39. Bd2 Rdg8 (39... Rgg8 {was worth a try.} 40. Bc3 a6) 40. Bc3 {Threatens to win with e6!} Be6 41. Nh4 Bxh4 42. Rxh4 a5 43. Rh6 Kc7 44. f3 Kd7 45. Be1 g5 (45... a4 {was necessary.} 46. Bh4 Kc7) 46. Bf2 $18 Rg6 47. fxg5 f4 48. Bd3 Rxg5 49. Rd1 Rg2 50. Bf1+ {White is clearly winning.} Kc7 51. Bxg2 ({And not} 51. Rxe6 Rxf2+ 52. Kc1 Rxf3 $15) 51... Rxg2 (51... Bf5+ $142 52. Kc3 Rxg2) 52. Rxe6 Rxf2+ 53. Rd2 Rxf3 54. Rf6 Re3 55. Rf7+ Kb8 56. Rd8 {Precision: White = 83%, Black = 59%.} 1-0

[Event "Baltic Zonal 2017"]
[Site "Liepaja"]
[Date "2017.06.16"]
[Round "1"]
[White "Ladva, Ottomar"]
[Black "Krupenski, Juri"]
[Result "1-0"]
[WhiteElo "2530"]
[BlackElo "2417"]
[Annotator "TA"]
[PlyCount "63"]
[EventDate "2017.??.??"]
[EventType "swiss"]
[EventCountry "LAT"]
[SourceTitle "playchess.com"]
[Source "ChessBase"]
[SourceQuality "1"]

{[%evp 12,63,54,57,36,41,37,35,52,62,83,87,59,42,74,18,24,5,20,13,11,2,2,2,9,0,4,0,7,0,0,-1,0,0,10,0,0,0,0,0,16,8,16,16,84,88,135,106,137,137,135,126,166,158]} 1. c4 e6 2. Nc3 d5 3. d4 c5 4. cxd5 exd5 5. Nf3 Nc6 6. dxc5 d4 7. Na4 $1 Bxc5 {D32: Tarrasch Defence: Sidelines and lines without g3} 8. Nxc5 {[#] Nb3 is the strong threat.} Qa5+ 9. Qd2 (9. Bd2 Qxc5 10. e3 dxe3 11. Bxe3 Qb4+ 12. Qd2 Qxd2+ 13. Bxd2 Nge7 14. O-O-O Be6 15. b3 {½-½ (24) Anand,V (2792)-Sadler,M (2653) London 2014}) 9... Qxc5 {White is slightly better.} 10. a3 Be6 {[#]} 11. b4 $1 {[%cal Rb4c5]} Qb6 $146 ({Predecessor:} 11... Qc3 12. Qxc3 dxc3 13. Be3 Rd8 14. Rc1 Bb3 15. b5 {1-0 (28) Kononen,K (2229)-Satonen,A (2100) Finland 2014}) 12. Bb2 {[%cal Rf3d4]} Rd8 13. b5 (13. Qg5 $16 Nge7 14. Qxg7) 13... Qxb5 $11 14. e3 Bc4 15. Bxc4 Qxc4 16. Nxd4 Ne5 17. Rd1 Nf6 18. Qe2 O-O 19. O-O Rfe8 $132 {[%mdl 2048] Threatens to win with ...Rxd4! Black has counterplay} 20. Rfe1 Ne4 21. Ba1 Qxe2 22. Rxe2 Rc8 23. Rc2 Nd6 24. a4 f6 25. Ra2 Ne4 26. Rb1 Re7 27. f3 Nc3 (27... Nd6 $11 {keeps the balance.}) 28. Rc2 $16 Rec7 29. Bxc3 Rxc3 30. Rxc3 Rxc3 31. Rxb7 Rxe3 32. Rxa7 {Precision: White = 66%, Black = 49%.} 1-0

[Event "Baltic Zonal 2017"]
[Site "Liepaja"]
[Date "2017.06.16"]
[Round "1"]
[White "Sulskis, Sarunas"]
[Black "Sveshnikov, Vladimir"]
[Result "1/2-1/2"]
[WhiteElo "2521"]
[BlackElo "2383"]
[Annotator "TA"]
[PlyCount "127"]
[EventDate "2017.??.??"]
[EventType "swiss"]
[EventCountry "LAT"]
[SourceTitle "playchess.com"]
[Source "ChessBase"]
[SourceQuality "1"]

{[%evp 10,127,-1,-12,4,-8,-13,-10,-10,-13,5,0,19,18,15,20,38,38,47,52,52,18,20,0,0,-6,18,-17,-14,-8,-14,-11,-14,-14,10,-4,0,0,0,0,0,0,0,0,0,-12,-17,-23,0,0,0,-47,-40,-45,-34,-37,-24,-122,-58,-62,-69,-59,-54,-123,-120,-346,-344,-355,-64,-83,-46,-66,0,0,0,0,0,0,0,0,0,0,0,0,0,0,0,0,0,0,0,0,0,0,0,0,0,0,0,0,0,0,0,0,0,0,0,0,0,0,0,0,0,0,0,0,0,0,0,0]} 1. b3 e5 2. Bb2 Nc6 3. e3 Nf6 4. Nf3 e4 5. Ne5 Nxe5 6. Bxe5 {LiveBook: 17 Games. A01: Nimzowitsch-Larsen Opening} Be7 7. Be2 O-O 8. O-O $146 ({Predecessor:} 8. c4 b6 9. f4 Bb7 10. O-O d6 11. Bb2 d5 {½-½ (61) Fries Nielsen,J (2433)-Frisk,E (2262) Aarhus 2015}) 8... d5 9. d3 Bd6 10. d4 Re8 11. Bxd6 Qxd6 12. c4 dxc4 13. bxc4 c5 14. Nc3 Bd7 15. dxc5 Qxc5 16. Nd5 Nxd5 17. cxd5 Rac8 18. Qd2 (18. Rc1 {feels hotter.} Qb6 19. Qd2 h6 20. Rfe1 Qd6 21. Qd4) 18... Qc2 19. Rfd1 Qxd2 20. Rxd2 Rc5 21. g4 g5 22. Kg2 Re5 23. d6 b5 24. Kg3 Kg7 25. Rad1 a5 26. Bf1 Kg6 27. Bg2 {Black should prevent Rd4.} h5 28. h3 f5 29. gxf5+ Kxf5 30. Bf1 Ke6 31. Be2 Rcd5 32. Bxh5 Kxd6 33. Bg4 (33. Bf7 $11 {keeps the balance.} Rxd2 34. Rxd2+ Ke7 35. Bd5) 33... Be8 (33... Bxg4 $17 34. Kxg4 b4) 34. a3 $15 Rxd2 35. Rxd2+ {[%mdl 4096] Endgame KRB-KRB} Rd5 36. Rc2 {[#]} ({Better is} 36. Rb2 $15) 36... Rd3 $1 $17 37. Rc8 $2 (37. Ra2 $17) 37... Bc6 $19 38. Rd8+ {[#]} Kc5 $2 (38... Kc7 $1 $19 {[%cal Rc7d8]} 39. Rc8+ Kb7) 39. Rg8 $15 Rd5 (39... Rxa3 40. Rxg5+ Kb6 41. h4 $17) 40. f4 gxf4+ (40... exf3 $1 $15 41. Bxf3 Rf5 42. Bxc6 Kxc6) 41. Kxf4 $11 {The position is equal.} b4 42. axb4+ axb4 43. Bf5 Rd1 44. Rc8 Kb5 45. Rb8+ Ka4 46. Rb6 Bd5 (46... Bb5 {looks sharper.} 47. Be6 Rb1 48. h4 b3 49. Bxb3+ Rxb3 50. h5 Rb2) 47. Bxe4 Bxe4 48. Kxe4 {KR-KR} b3 49. Rb8 Ka3 {And now ...b2 would win.} 50. Ra8+ Kb4 {Threatens to win with ...b2.} 51. Rb8+ Kc3 {Hoping for ...b2.} 52. Rc8+ Kd2 {White must now prevent ...b2.} (52... Kb4 $5 {[%cal Rb3b2]} 53. Rb8+ Kc3 54. Rc8+ Kd2 $17) 53. Rb8 Kc2 54. Rc8+ Kb1 55. Rb8 b2 56. h4 Kc2 57. Kf5 b1=Q (57... Rd8 $5 {[%cal Rd8b8]} 58. Rxb2+ Kxb2 $11) 58. Rxb1 Rxb1 {KR-KPP} 59. h5 Kd3 60. h6 Rb8 61. h7 Kxe3 62. Kf6 Kf4 63. Kg7 Kg5 {( -> ...Rb7+)} 64. h8=Q {Precision: White = 61%, Black = 53%.} 1/2-1/2

[Event "Baltic Zonal 2017"]
[Site "Liepaja"]
[Date "2017.06.16"]
[Round "1"]
[White "Volodin, Aleksandr"]
[Black "Klabis, Rokas"]
[Result "1/2-1/2"]
[WhiteElo "2482"]
[BlackElo "2348"]
[Annotator "TA"]
[PlyCount "122"]
[EventDate "2017.??.??"]
[EventType "swiss"]
[EventCountry "LAT"]
[SourceTitle "playchess.com"]
[Source "ChessBase"]
[SourceQuality "1"]

{[%evp 22,122,-13,-15,21,27,21,20,18,22,22,17,28,0,0,-3,0,-11,-10,-7,13,33,19,12,18,23,35,42,67,27,59,22,51,46,119,119,113,105,96,18,27,16,44,19,28,22,39,28,39,39,90,83,85,81,81,81,81,0,81,81,81,81,81,81,81,81,81,81,81,81,89,56,56,56,57,56,56,54,54,38,38,38,38,31,31,31,39,31,39,31,31,38,38,37,38,37,38,38,38,38,38,38,38]} 1. d4 Nf6 2. c4 e6 3. Nf3 Bb4+ 4. Bd2 Qe7 5. g3 Nc6 6. Bg2 Bxd2+ 7. Qxd2 Ne4 8. Qc2 Qb4+ 9. Nc3 Nxc3 10. Qxc3 Qxc3+ 11. bxc3 d6 12. Rb1 {LiveBook: 3 Games. E11: Bogo-Indian} (12. Nd2 Na5 13. e3 Ke7 14. Ke2 Rb8 15. Kd3 b6 16. Nb3 Ba6 17. Nxa5 bxa5 18. Rhb1 d5 19. Rxb8 Rxb8 {0-1 (42) Alonso Arburu,J (2364)-Tratar,M (2499) San Sebastian 2012}) 12... O-O 13. Nd2 {[%cal Bf3d2,Bd2b3,Bb3a5,Ba5c6][%mdl 32]} e5 14. e3 {The position is equal.} Re8 15. O-O Nd8 16. Rb2 Rb8 17. Nb3 $146 ({Predecessor:} 17. Rfb1 b6 18. a4 Nb7 19. Bc6 Rd8 {½-½ (33) Zulj,L (2234)-Vernacki,D (2145) Osijek 2010}) 17... b6 18. Rd1 Ba6 19. Na5 e4 20. Bf1 Ne6 21. Nc6 $36 {[%mdl 2048] White has some pressure.} Ra8 22. Nb4 Bb7 23. Nd5 Bxd5 24. cxd5 Nf8 25. h4 h6 26. c4 Nh7 27. a4 a5 {[#]} (27... f5 $14) 28. c5 $1 $16 bxc5 29. dxc5 Reb8 30. Bb5 ({White should play} 30. Rdb1 $16 Rxb2 31. Rxb2) 30... Nf6 $11 31. Rc2 Ra7 32. cxd6 cxd6 33. Rd4 Kf8 34. Rc6 Ke7 35. Rdc4 Nxd5 ({Black should try} 35... Rba8 $14) 36. Rxe4+ $16 Kf8 37. Rxd6 Nc3 38. Rb6 {[%cal Rb6b8] [#]} Raa8 39. Rxb8+ Rxb8 40. Re5 Nxb5 41. axb5 {[%mdl 4096] Endgame KR-KR} ({Wrong is} 41. Rxb5 $2 Rxb5 42. axb5 Ke7 $19) 41... a4 42. Re4 Rxb5 {White must now prevent ...Ra5.} 43. Rxa4 h5 44. Ra7 g6 45. Kg2 Kg7 46. f4 Kf6 {White is slightly better.} 47. Kf3 Rc5 48. Ra3 Rb5 49. e4 {[%cal Be3e4,Be4e5][%mdl 32]} Rb6 50. e5+ Kf5 51. Ra7 Ke6 52. Ra8 Rb3+ 53. Kg2 Rb6 54. Ra7 Rc6 55. Kh3 Rb6 56. Ra3 Kf5 57. Rd3 Ra6 58. Rd8 Ke6 59. Re8+ Kd7 60. Rb8 Ke6 61. Rb3 Kf5 {Precision: White = 57%, Black = 61%.} 1/2-1/2

[Event "Baltic Zonal 2017"]
[Site "Liepaja"]
[Date "2017.06.16"]
[Round "1"]
[White "Miezis, Normunds"]
[Black "Brazdzionis, Andrius"]
[Result "1-0"]
[WhiteElo "2452"]
[BlackElo "2335"]
[Annotator "TA"]
[PlyCount "69"]
[EventDate "2017.??.??"]
[EventType "swiss"]
[EventCountry "LAT"]
[SourceTitle "playchess.com"]
[Source "ChessBase"]
[SourceQuality "1"]

{[%evp 9,69,0,-3,-22,2,-22,-20,-26,0,-14,0,0,0,-14,14,0,13,4,14,9,20,31,40,27,63,66,60,68,108,104,108,25,35,23,72,27,34,29,52,39,87,52,51,41,37,40,103,26,31,26,22,10,28,0,187,147,194,143,426,427,557,549]} 1. c4 e6 2. e4 d5 3. exd5 exd5 4. d4 Bb4+ 5. Nc3 Ne7 6. cxd5 {C01: French: Exchange Variation} (6. Bd3 dxc4 7. Bxc4 O-O 8. Bg5 h6 9. Bh4 Qd6 10. Nge2 Nf5 {½-½ (10) Miezis,N (2509)-Krivonosov,O (2452) Parnu 2016}) 6... O-O $146 ({Predecessor:} 6... Nxd5 7. Bd2 Nc6 8. a3 Ba5 9. Bb5 Nde7 10. Nge2 O-O 11. Bxc6 Nxc6 12. b4 Bb6 13. d5 Ne7 14. Nf4 c6 15. dxc6 Nxc6 {½-½ (77) Gjuran,D (2172)-Furlan,M (2325) Rogla 2002}) 7. Be2 Nxd5 8. Bd2 {The position is equal.} Nc6 9. Nf3 Be6 10. O-O h6 11. a3 Be7 12. Bb5 Nxc3 13. bxc3 Bd5 14. Re1 Bf6 15. Bf4 a6 16. Bd3 Qd7 17. Bc2 Ne7 18. Be5 {[#] aiming for Bxf6.} Ng6 19. Bxf6 gxf6 20. Be4 ({White should play} 20. Nd2 $16) 20... Kg7 21. Nd2 {[%cal Bf3d2,Bd2f1,Bf1g3][%mdl 32] next Qh5 is good for White.} (21. c4 $5 Bxe4 22. Rxe4 $11) 21... Rad8 22. Qf3 b6 23. Nf1 {[#] And now Ng3 would win.} Bxe4 24. Qxe4 {Ng3 is the strong threat.} Qd5 25. Ng3 (25. Qc2 {seems wilder.} Rfe8 26. Ne3 Qg5 27. Nf5+ Kh8 28. g3) 25... Qxe4 26. Rxe4 Rd5 27. c4 $36 {[%mdl 2048] Black is under pressure.} f5 (27... Ra5 $1 $14) 28. Ree1 (28. Nh5+ $16 Kh7 29. Nf6+ (29. cxd5 fxe4 30. Rc1 Ne7 $16) 29... Kg7 30. Ne8+ (30. cxd5 fxe4 31. Nh5+ Kh7 $14) 30... Rxe8 31. Rxe8 Rxd4 32. Ra8) 28... Ra5 $11 29. d5 Kf6 30. Rad1 Rd8 31. f4 {[%cal Rg3h5]} Kg7 $2 (31... Nh4 $11) 32. Nxf5+ $18 Kh7 33. Nd4 (33. Ng3 $18) 33... Nxf4 $2 {[%mdl 8192]} (33... Rd7 $16) 34. Rf1 Ng6 35. Nc6 {Precision: White = 33%, Black = 31%.} 1-0

[Event "Baltic Zonal 2017"]
[Site "Liepaja"]
[Date "2017.06.16"]
[Round "1"]
[White "Stremavicius, Titas"]
[Black "Garanin, Aleksei"]
[Result "1-0"]
[WhiteElo "2448"]
[BlackElo "2220"]
[Annotator "TA"]
[PlyCount "89"]
[EventDate "2017.??.??"]
[EventType "swiss"]
[EventCountry "LAT"]
[SourceTitle "playchess.com"]
[Source "ChessBase"]
[SourceQuality "1"]

{[%evp 13,89,35,45,26,28,2,27,14,60,54,125,104,110,106,107,27,45,20,48,0,0,3,24,0,0,0,0,-12,-12,-59,-59,-82,0,0,0,-13,0,-149,-158,-160,0,-54,-60,-56,0,0,0,0,0,0,16,16,17,46,41,12,122,114,268,205,196,182,242,230,641,106,96,85,382,383,389,381,645,358,369,355,1736,1698]} 1. d4 Nf6 2. c4 g6 3. Nc3 Bg7 4. e4 d6 5. f3 O-O 6. Bg5 c6 7. Qd2 Nbd7 8. h4 {E81: King's Indian: Sämisch: 6th move deviations (including 6 Be3 c6)} a6 9. Rd1 $146 ({Predecessor:} 9. Nge2 b5 10. h5 e5 11. d5 Nb6 12. Ng3 cxd5 13. cxd5 Na4 14. Nd1 Bd7 15. Be2 a5 {½-½ (33) L'Ami,E (2594)-Atalik,S (2586) Wijk aan Zee 2007}) 9... Qc7 (9... b5 $5) 10. Bh6 {White has an edge.} b5 (10... e5 $5 {[%cal Re5d4]}) 11. h5 Nb6 (11... Bxh6 $14 12. Qxh6 b4) 12. Bxg7 $16 (12. cxb5 $6 Bxh6 13. Qxh6 axb5 $11) 12... Kxg7 13. hxg6 $1 (13. cxb5 $6 axb5 14. hxg6 fxg6 $11) 13... fxg6 14. b3 (14. cxb5 $6 axb5 15. a3 Kg8 $11) (14. Qh6+ $16 Kf7 15. g4 (15. cxb5 axb5 16. Bd3 Rg8 $14)) 14... e5 15. dxe5 dxe5 16. c5 Nbd7 $1 17. b4 {With the idea a3.} Rf7 18. Bd3 Nf8 19. Nge2 Be6 20. Qh6+ Kg8 21. Qg5 a5 22. a3 $1 axb4 (22... Bb3 $1 $17 {Hoping for ...axb4.} 23. Rd2 Ne6) 23. axb4 $11 Rd8 24. O-O (24. Rd2 {looks sharper.} Ne8 25. Nd1 Rfd7 26. Nf2 Ng7 27. Qe3) 24... Bb3 25. Rb1 (25. Rd2 $11 {was the only way to keep the balance.}) 25... Rxd3 $17 26. Rxb3 {[%cal Bb1b3,Bb3a3,Ba3a8][%mdl 32] [#]} Ne6 $2 (26... Nxe4 $1 $17 {[%mdl 512]} 27. Nxe4 (27. fxe4 $2 Rxf1+ 28. Kxf1 Qf7+ 29. Kg1 Qxb3 $19) 27... Rxb3) 27. Qc1 ({Better is} 27. Qh6 $1 $11) 27... Qd8 $1 $15 28. Ra3 Rfd7 ({Black should try} 28... Kg7 $15 29. Ra6 Qc8) 29. Qa1 $36 {[%mdl 2048] Black is under pressure.} Kg7 30. Ra8 Qe7 31. Rd1 Rxd1+ 32. Nxd1 Nd4 33. Nxd4 Rxd4 34. Nf2 Qe6 (34... Rxb4 $11 35. Ra7 Nd7) 35. Qa7+ Kh6 $2 (35... Rd7 $16 {keeps fighting.} 36. Qb8 g5) 36. Rf8 Nd7 ({Don't capture} 36... Rxb4 $2 {[#]} 37. Rxf6 $1 {[%mdl 512]} Ra4 38. Qc7 $18) 37. Rd8 Kg5 (37... Kh5 $142 38. Qc7 Qe7) 38. Qa1 $18 h5 $2 (38... Kh5 39. Rh8 Kh6 40. Ng4+ Kg7) 39. f4+ $2 (39. Nh3+ $18 {and White stays clearly on top.} Kf6 40. Qa8) 39... Kf6 $16 40. Rc8 {Black must now prevent Qa5.} Kg7 $2 {[%mdl 8192]} (40... Kf7 $16) 41. Rc7 $18 Kh6 42. fxe5 Rxb4 $2 (42... Rc4 43. Qf1 g5) 43. Qc1+ g5 44. Nh3 Qg4 $2 {[#]} (44... Qxe5 45. Rxd7 Rxe4 46. Rd6+ Kg7 47. Qxg5+ Qxg5 48. Nxg5 Re5 49. Ne6+ (49. Rxc6 Rxg5 50. Rc7+ Kf6 $11) 49... Kf7) 45. Nxg5 $1 {[%mdl 512] Precision: White = 42%, Black = 35%.} 1-0

[Event "Baltic Zonal 2017"]
[Site "Liepaja"]
[Date "2017.06.16"]
[Round "1"]
[White "Malisauskas, Vidmantas"]
[Black "Neiksans, Arturs"]
[Result "0-1"]
[WhiteElo "2417"]
[BlackElo "2581"]
[Annotator "TA"]
[PlyCount "112"]
[EventDate "2017.??.??"]
[EventType "swiss"]
[EventCountry "LAT"]
[SourceTitle "playchess.com"]
[Source "ChessBase"]
[SourceQuality "1"]

{[%evp 28,112,-17,-28,-4,-24,-12,-40,-40,-37,-16,-44,-52,-66,-16,-12,-15,-25,-20,-39,-9,-20,-20,-19,-23,-64,-70,-143,-144,-160,-152,-156,-164,-184,-193,-213,-191,-179,-188,-192,-184,-187,-156,-160,-155,-160,-160,-164,-164,-172,-156,-187,-187,-199,-198,-200,-189,-195,-188,-193,-172,-160,-166,-154,-127,-191,-180,-276,-275,-221,-195,-216,-222,-208,-209,-456,-456,-452,-445,-448,-445,-436,-436,-415,-394,-384,-356]} 1. d4 Nf6 2. c4 e6 3. Nf3 b6 4. g3 Ba6 5. b3 Bb4+ 6. Bd2 Be7 7. Nc3 d5 8. cxd5 exd5 9. Bg2 O-O 10. O-O Re8 11. Ne5 {E15: Queen's Indian: 4 g3 sidelines, 4 g3 Ba6 and 4 g3 Bb7 early deviations} (11. a3 c5 12. dxc5 bxc5 13. Ne5 Bb7 14. Rc1 Na6 15. Nd3 Rc8 16. Bg5 Ne4 17. Bxe7 Qxe7 18. Nxe4 dxe4 {½-½ (28) Cheparinov,I (2688)-Navara,D (2739) Minsk 2017}) 11... Bb7 12. Rc1 Nbd7 {[%cal Bb8d7,Bd7f8,Bf8e6][%mdl 32]} 13. Bf4 Nf8 14. Qd3 Ne6 15. Rfd1 {LiveBook: 3 Games} a6 16. Be3 Bd6 17. f4 $146 Qe7 18. Bf2 Rad8 19. e4 dxe4 20. Nxe4 Bxe4 (20... Bxe5 $5 21. fxe5 Nxe4 22. Bxe4 c5 $15) 21. Bxe4 {Hoping for Nc6.} Bxe5 22. fxe5 Nxe4 23. Qxe4 Qd7 24. Qb7 Qd5 25. Qxd5 Rxd5 26. Kg2 Red8 27. Rc6 {[#]} (27. Re1 $15) 27... Rxe5 $1 $17 {[%mdl 512]} 28. Rd2 (28. dxe5 Rxd1) 28... h5 29. h3 Red5 30. g4 R8d7 31. Kg3 a5 32. Be3 Kf8 ({Don't do} 32... Nxd4 33. Bxd4 hxg4 34. hxg4 $17) 33. Kf3 Ke8 34. Ke4 Ng5+ 35. Bxg5 Rxg5 {[%mdl 4096] Endgame KRR-KRR} 36. Kf4 Rgd5 37. Ke4 Kd8 38. a3 Kc8 39. b4 Kb7 40. Rc4 axb4 41. axb4 Rg5 42. Kf4 f6 43. Kf3 Re7 44. d5 Rd7 45. Rcd4 Ka6 46. Kg3 {[#]} (46. h4 $17 Rxg4 47. Rxg4 hxg4+ 48. Kxg4) 46... Kb5 $1 $19 47. Kh4 (47. R2d3 {was worth a try.}) 47... hxg4 48. hxg4 Re5 49. Kg3 Re3+ 50. Kf4 Rb3 51. d6 $2 (51. Rd1 {is a better defense.}) 51... Rxb4 52. Rxb4+ Kxb4 53. dxc7 Rxc7 54. Rb2+ Ka5 55. Ra2+ Kb5 56. Rb2+ Ka6 {Precision: White = 31%, Black = 74%.} 0-1

[Event "Baltic Zonal 2017"]
[Site "Liepaja"]
[Date "2017.06.16"]
[Round "1"]
[White "Seeman, Tarvo"]
[Black "Kveinys, Aloyzas"]
[Result "0-1"]
[WhiteElo "2411"]
[BlackElo "2526"]
[Annotator "TA"]
[PlyCount "92"]
[EventDate "2017.??.??"]
[EventType "swiss"]
[EventCountry "LAT"]
[SourceTitle "playchess.com"]
[Source "ChessBase"]
[SourceQuality "1"]

{[%evp 19,92,23,31,3,0,0,1,-8,-5,-30,0,0,6,2,1,-1,21,6,27,20,27,25,30,0,0,-2,0,-22,-45,-18,0,0,0,-89,75,25,82,0,0,0,0,0,0,0,0,-320,-318,-371,-379,-347,-252,-237,-236,-265,-215,-295,-225,-220,-209,-249,-266,-325,-275,-403,-396,-395,-389,-410,-295,-1795,-1743,-1135,-1083,-29998,-29999]} 1. g3 c5 2. Bg2 g6 3. e4 Bg7 4. d3 Nc6 5. f4 e6 6. Nf3 Nge7 7. c3 O-O 8. Be3 b6 9. O-O Bb7 10. Na3 d6 11. Qd2 {B20: Sicilian: Unusual White 2nd moves} (11. Nc2 Qd7 12. Qd2 f5 13. b3 Rae8 14. Rad1 Nd8 15. exf5 exf5 16. c4 Qc8 17. d4 Be4 18. Ng5 Bxg2 19. Qxg2 {1-0 (92) Grigoryan,A (2571)-Melkumyan,H (2625) Yerevan 2014}) 11... f5 12. Rae1 $146 ({Predecessor:} 12. Rfe1 Qd7 13. Rad1 h6 14. Bf2 Rae8 15. Nc4 Kh7 16. a4 Rd8 17. Qc2 Rfe8 18. Qb3 Ba6 19. exf5 exf5 {0-1 (40) De Boer,S (2285)-Dambacher,M (2135) Leiden 1998}) 12... Qd7 13. exf5 {The position is equal.} Nxf5 14. Bf2 Rae8 15. Nc4 b5 16. Ne3 Nce7 17. Nxf5 gxf5 18. Re2 Bd5 19. Rfe1 Ng6 20. h4 {[%cal Bh2h4,Bh4h5][%mdl 32]} Bf6 21. h5 Ne7 22. Nh2 Bxa2 23. g4 fxg4 24. Nxg4 Bg7 25. h6 Bh8 $1 26. Bh4 {[#]} (26. f5 $11 {remains equal.} Rxf5 27. Be4) 26... Nf5 $2 (26... Ng6 $1 $17 {[%cal Rg6h4] and life is bright.} 27. Bg3 e5) 27. Bg5 $16 Bd5 {[#]} (27... Ng3 $11) 28. Ne3 ({White should play} 28. Be4 $1 $16) 28... Bxg2 $1 $11 29. Rxg2 {Black must now prevent Bf6+.} Kf7 30. Qd1 Rg8 $1 31. Qh5+ Rg6 32. Rge2 $2 {[%mdl 8192]} (32. Nxf5 $11 {and White stays safe.} exf5 33. Rxe8 Qxe8 34. Qf3) 32... Ng3 $19 33. Qg4 Nxe2+ 34. Rxe2 Kg8 35. Ng2 Kf8 36. Nh4 Rg8 37. Rg2 Qf7 38. Qf3 d5 {[%cal Bd6d5,Bd5d4][%mdl 32]} 39. Qf2 d4 40. Nf3 e5 41. fxe5 (41. cxd4 {was necessary.} exd4 42. b4) 41... Bxe5 42. cxd4 cxd4 43. Qd2 {Hoping for Qb4+.} Rg6 ({Not} 43... Qxf3 44. Rf2 $16) 44. Qb4+ $2 (44. Nh4 Rc6 45. Nf3) 44... Bd6 45. Qxd4 Qxf3 {[%cal Re8e1]} 46. Rf2 Re1+ {Precision: White = 34%, Black = 53%.} 0-1